MARC details
| 000 -CABECERA |
| campo de control de longitud fija |
00982cam a2200277 a 4500 |
| 001 - NÚMERO DE CONTROL |
| campo de control |
000009822 |
| 005 - FECHA Y HORA DE LA ÚLTIMA TRANSACCIÓN |
| campo de control |
20200929161723.0 |
| 008 - DATOS DE LONGITUD FIJA--INFORMACIÓN GENERAL |
| campo de control de longitud fija |
001129s2000 sp 000 p spa |
| 020 ## - NÚMERO INTERNACIONAL ESTÁNDAR DEL LIBRO |
| Número Internacional Estándar del Libro |
8495142112 |
| 082 ## - NÚMERO DE LA CLASIFICACIÓN DECIMAL DEWEY |
| Número de clasificación |
861.6 |
| Número de documento/Ítem |
L661c |
| 040 ## - FUENTE DE LA CATALOGACIÓN |
| Centro catalogador/agencia de origen |
DO-SdBNP |
| 100 1# - ENTRADA PRINCIPAL--NOMBRE DE PERSONA |
| Nombre de persona |
Leveroni, Rosa, |
| Fechas asociadas al nombre |
1910-1985. |
| 9 (RLIN) |
24729 |
| 245 13 - MENCIÓN DE TÍTULO |
| Título |
La casa desierta y otros poemas : |
| Resto del título |
poesía publicada y poesía inédita / |
| Mención de responsabilidad, etc. |
Rosa Leveroni ; prólogo, Vinyet Panyella ; traducción Rosa Lentini. |
| 260 ## - PUBLICACIÓN, DISTRIBUCIÓN, ETC. |
| Lugar de publicación, distribución, etc. |
Tarragona España : |
| Nombre del editor, distribuidor, etc. |
Igitur, |
| Fecha de publicación, distribución, etc. |
2000. |
| 300 ## - DESCRIPCIÓN FÍSICA |
| Extensión |
202 p. ; |
| Dimensiones |
20 cm. |
| 490 1# - MENCIÓN DE SERIE |
| Mención de serie |
Igitur |
| -- |
Poesía |
| Designación de volumen o secuencia |
17 |
| 500 ## - NOTA GENERAL |
| Nota general |
Incluye notas al pie de las páginas |
| 650 #4 - PUNTO DE ACCESO ADICIONAL DE MATERIA--TÉRMINO DE MATERIA |
| Término de materia o nombre geográfico como elemento de entrada |
Poesía española |
| 9 (RLIN) |
631 |
| 650 #4 - PUNTO DE ACCESO ADICIONAL DE MATERIA--TÉRMINO DE MATERIA |
| Término de materia o nombre geográfico como elemento de entrada |
Poesía amorosa española |
| 9 (RLIN) |
15046 |
| 650 #4 - PUNTO DE ACCESO ADICIONAL DE MATERIA--TÉRMINO DE MATERIA |
| Término de materia o nombre geográfico como elemento de entrada |
Vida |
| Subdivisión general |
Poesía |
| 9 (RLIN) |
24730 |
| 650 #4 - PUNTO DE ACCESO ADICIONAL DE MATERIA--TÉRMINO DE MATERIA |
| Término de materia o nombre geográfico como elemento de entrada |
Literatura española |
| 9 (RLIN) |
632 |
| 700 1# - PUNTO DE ACCESO ADICIONAL--NOMBRE DE PERSONA |
| Nombre de persona |
Lentini, Rosa, |
| Fechas asociadas al nombre |
1957- |
| Término indicativo de función/relación |
tr. |
| 9 (RLIN) |
24731 |
| 700 1# - PUNTO DE ACCESO ADICIONAL--NOMBRE DE PERSONA |
| Nombre de persona |
Panyella, Vinyet, |
| Término indicativo de función/relación |
pról. |
| 9 (RLIN) |
24732 |
| 710 2# - PUNTO DE ACCESO ADICIONAL--NOMBRE DE ENTIDAD CORPORATIVA |
| Nombre de entidad corporativa o nombre de jurisdicción como elemento de entrada |
Biblioteca de Catalunya |
| 9 (RLIN) |
24733 |
| 830 #0 - PUNTO DE ACCESO ADICIONAL DE SERIE-TÍTULO UNIFORME |
| Título uniforme |
Igitur |
| Nombre de parte o sección de la obra |
Poesía ; |
| Número de parte o sección de la obra |
17 |
| 9 (RLIN) |
24734 |